| 000 -CABECERA |
| Longitud fija campo de control |
01313nam a2200361 a 4500 |
| 001 - NÚMERO DE CONTROL |
| Número de control |
991041009089706706 |
| 003 - IDENTIFICADOR DEL NÚMERO DE CONTROL |
| Identificador del número de control |
OSt |
| 005 - FECHA Y HORA DE LA ÚLTIMA TRANSACCIÓN |
| Fecha y hora de la última transacción |
20211202112932.0 |
| 008 - CÓDIGOS DE INFORMACIÓN DE LONGITUD FIJA |
| Códigos de información de longitud fija |
990420s1996 spcc || 000 ||cat |
| 015 ## - NÚMERO DE BIBLIOGRAFÍA NACIONAL |
| Número de bibliografía nacional |
LL1999 |
| Fuente |
bnc |
| 017 ## - NÚMERO DE COPYRIGHT O DE DEPÓSITO LEGAL |
| Número de copyright o de depósito legal |
DL B. 25400-1996 |
| Agencia que asigna el número |
Biblioteca de Catalunya |
| 020 ## - NÚMERO INTERNACIONAL NORMALIZADO PARA LIBROS |
| Número Internacional Normalizado para Libros (ISBN) |
8492132302 |
| 035 ## - NÚMERO DE CONTROL DEL SISTEMA |
| Número de control del sistema |
(ES-BaCBU)b20779434-34csuc_network |
| 035 ## - NÚMERO DE CONTROL DEL SISTEMA |
| Número de control del sistema |
(ES-BaCBU).b20779434 |
| 035 ## - NÚMERO DE CONTROL DEL SISTEMA |
| Número de control del sistema |
(ccuc001)b20779434 |
| 035 ## - NÚMERO DE CONTROL DEL SISTEMA |
| Número de control del sistema |
(OCoLC)807317065 |
| 040 ## - FUENTE DE LA CATALOGACIÓN |
| Centro catalogador de origen |
ES-BaBC |
| Lengua de catalogación |
cat |
| Centro transcriptor |
CDMR |
| 080 ## - NÚMERO DE LA CLASIFICACIÓN DECIMAL UNIVERSAL |
| Número de la Clasificación Decimal Universal |
849.9-95"19" |
| 100 1# - PUNTO DE ACCESO PRINCIPAL-NOMBRE DE PERSONA |
| Nombre de persona |
Obiols, Armand, |
| 245 10 - MENCIÓN DE TÍTULO |
| Título |
Buirac / |
| Mención de responsabilidad, etc. |
Armand Obiols ; pròleg de Josep M. Balaguer |
| 260 ## - PUBLICACIÓN, DISTRIBUCIÓN, ETC. (PIE DE IMPRENTA) |
| Lugar de publicación, distribución, etc. |
Sabadell : |
| Nombre del editor, distribuidor, etc. |
Fundació la Mirada, |
| Fecha de publicación, distribución, etc. |
1996 |
| 300 ## - DESCRIPCIÓN FÍSICA |
| Extensión |
196 p. : |
| Otras características físicas |
retrat ; |
| Dimensiones |
19 cm |
| 490 1# - MENCIÓN DE SERIE |
| Mención de serie |
Ragtime ; |
| Designación de volumen o secuencia |
4 |
| 650 #7 - PUNTO DE ACCESO ADICIONAL DE MATERIA - TÉRMINO DE MATERIA |
| Término de materia o nombre geográfico como elemento inicial |
Literatura catalana |
| Subdivisión de materia general |
Història i crítica |
| Subdivisión de forma |
Reculls d'escrits. |
| Fuente del encabezamiento o término |
lemac |
| 700 1# - PUNTO DE ACCESO ADICIONAL - NOMBRE DE PERSONA |
| Nombre de persona |
Balaguer, Josep M., |
| 830 #0 - PUNTO DE ACCESO ADICIONAL DE SERIE - TÍTULO UNIFORME |
| Título uniforme |
Ragtime ; |
| Designación de volumen o secuencia |
4 |
| 907 ## - ELEMENTO G DATOS LOCALES, GDL (RLIN) |
| a |
.b20779434 |
| b |
24-03-21 |
| c |
07-05-08 |
| d |
07-05-08 |
| e |
m |
| f |
a |
| g |
- |
| h |
cat |
| i |
spc |
| j |
0 |
| k |
8 |
| 908 ## - CONTROL DE PARÁMETROS (RLIN) |
| Parametro de comando lanzado |
AHS |
| -- |
BC |
| -- |
UB |
| -- |
UdG |
| -- |
UAB |
| -- |
FBC |
| -- |
BMVB |
| 940 ## - |
| T&íacute;tulo uniforme |
<a href="BC">BC</a> |
| 942 ## - ENTRADA DE ELEMENTOS AGREGADOS (KOHA) |
| Fuente de clasificaión o esquema |
|
| Koha [por defecto] tipo de item |
Monografies |
| 949 ## - TRATAMIENTO DE LA INFORMACIÓN LOCAL (OCLC) |
| a |
1003001365 |
| b |
B 8au 979 |
| c |
1 |
| d |
0 |
| e |
0 |
| f |
29.07.03 |
| g |
1 |
| k |
1300 |
| m |
29.07.03 |
| n |
29.07.03 |
| o |
0 |
| p |
Fons: Biblioteca AHS (R. 8350) |
| 949 ## - TRATAMIENTO DE LA INFORMACIÓN LOCAL (OCLC) |
| a |
1003021679 |
| b |
D3 6158/1 |
| c |
2 |
| d |
10 |
| e |
0 |
| f |
27.08.14 |
| g |
1 |
| k |
1300 |
| m |
27.08.14 |
| n |
27.08.14 |
| o |
0 |
| p |
Fons: Biblioteca AHS (R. 14679) |